Quick Pick: Stranger Things Season 1 Quiz Stats

 Plays Quiz not verified by Sporcle

Score 0/10 Timer 01:00
0 Plays Today
% Correct
Will Byers
98%
Dustin Henderson
98%
Jonathan Byers
98%
Steve Harrington
94.1%
Jim Hopper
94.1%
Eleven
93.1%
Lucas Sinclair
91.2%
Nancy Wheeler
90.2%
Martin Brenner
75.5%
Scott Clarke
74.5%

You're not logged in!

Compare scores with friends on all Sporcle quizzes.
OR
Log In

Sporcle TV

Today on Sporcle TV


Watch our educational content, quiz creation guides, and fun videos on Sporcle TV.

Show Comments

Extras

Top Quizzes Today


Score Distribution

Your Account Isn't Verified!

In order to create a playlist on Sporcle, you need to verify the email address you used during registration. Go to your Sporcle Settings to finish the process.

Report this User

Report this user for behavior that violates our Community Guidelines.

Details: